LEADER 03454nam 2200601 a 450 001 9910455311903321 005 20200520144314.0 010 $a0-7844-7279-3 035 $a(CKB)1000000000809221 035 $a(EBL)3115525 035 $a(SSID)ssj0000537271 035 $a(PQKBManifestationID)12197353 035 $a(PQKBTitleCode)TC0000537271 035 $a(PQKBWorkID)10553351 035 $a(PQKB)11575905 035 $a(MiAaPQ)EBC3115525 035 $a(Au-PeEL)EBL3115525 035 $a(CaPaEBR)ebr10475982 035 $a(OCoLC)427652028 035 $a(EXLCZ)991000000000809221 100 $a20090427d2009 uy 0 101 0 $aeng 135 $aur|n|---||||| 181 $ctxt 182 $cc 183 $acr 200 10$aGreat rivers history$b[electronic resource] $eproceedings and invited papers for the EWRI Congress and History Symposium, May 17-19, 2009, Kansas City, Missouri /$fsponsored by Environmental and Water Resources Institute (EWRI) of the American Society of Civil Engineers ... [et al.] ; edited by Jerry R. Rogers 210 $aReston, Va. $cAmerican Society of Civil Engineers $cEWRI$dc2009 215 $a1 online resource (144 p.) 300 $aDescription based upon print version of record. 311 $a0-7844-1032-1 320 $aIncludes bibliographical references and indexes. 327 $a""Cover""; ""Contents""; ""Hydraulic Engineering Legends Listed on the Eiffel Tower""; ""How to Wrestle a Mighty River: The Missouri River Channel Project""; ""Constructing a Big Dam after the 1951 Missouri River Flood: Tuttle Creek Reservoir, Kansas""; ""Civil Engineering History of Hydraulic Channels and Pipes""; ""The Riddle of the River: How David Thompson Explored and Mapped the Middle and Upper Columbia River""; ""Gateway to Greatnessa???A Profile of James B. Eads""; ""Major U.S. Dam Failures: Their Cause, Resultant Losses, and Impact on Dam Safety Programs and Engineering Practice"" 327 $a""Verification of Darcy's Law""""Texas Section ASCE Leadersa???A Time of Reflection for Section Anniversary Planning""; ""Hydrologic Design of Bridges and Culverts: A Historical Review""; ""The Waste Water Network: An Underground View of Paris""; ""Burns and McDonnell Historya???Need for Clean Water Launched Burns and McDonnell""; ""HDR History""; ""Black and Veatch History: Building a World of Difference since 1915""; ""Five-Year History of Water Resources Specialty Certification and Value Slogans""; ""History of the Texas Sectiona???-ASCE"" 327 $a""The Linda Hall Library of Science, Engineering, and Technology and ASCE Publications""""Loch Katrine Water Supply to Glasgow, Scotland, 1855a???1903""; ""Author Index""; ""Subject Index"" 606 $aWater resources development$xHistory$vCongresses 606 $aHydraulic engineering$xHistory$vCongresses 606 $aRiver engineering$xHistory$vCongresses 608 $aElectronic books. 615 0$aWater resources development$xHistory 615 0$aHydraulic engineering$xHistory 615 0$aRiver engineering$xHistory 676 $a627 701 $aRogers$b Jerry R$0860822 712 02$aEnvironmental and Water Resources Institute (U.S.) 712 12$aEWRI Congress and History Symposium 801 0$bMiAaPQ 801 1$bMiAaPQ 801 2$bMiAaPQ 906 $aBOOK 912 $a9910455311903321 996 $aGreat rivers history$91920987 997 $aUNINA LEADER 02090nam 2200433 450 001 9910571738203321 005 20230627131900.0 024 7 $a10.36253/978-88-6655-843-9 035 $a(CKB)5860000000047282 035 $a(NjHacI)995860000000047282 035 $a(EXLCZ)995860000000047282 100 $a20230627d2015 uy 0 101 0 $aita 135 $aur||||||||||| 181 $ctxt$2rdacontent 182 $cc$2rdamedia 183 $acr$2rdacarrier 200 00$aEnzo Catarsi, un pedagogista al plurale $eScritti in suo ricordo /$fEdited by Nima Sharmahd, ENRICA FRESCHI, Clara Maria SILVA 210 1$aFlorence :$cFirenze University Press,$d2015. 210 4$dİ2015 215 $a1 online resource (184 pages) 225 1 $aLibere carte 311 $a88-927-3320-6 320 $aIncludes bibliographical references and index. 330 $aThe volume collects the papers of colleagues, friends and collaborators submitted during the conference "L'infanzia nella figura di Enzo Catarsi" ("Childhood in the figure of Enzo Catarsi), held in Florence on April 29, 2014. The conference was organised by the Department of Education and Psychology of the University of Florence, in collaboration with the Tuscany Region and the Istituto degli Innocenti, to remember the scholar Enzo Catarsi. With his death, the Department, the Municipalities of Tuscany, the community of pedagogists, the students and his closest collaborators are missing a reference figure and a personality of great scientific, cultural and human importance, with high educational ideals, great humanity, optimism, lightness and enthusiasm. 410 0$aLibere carte. 517 $aEnzo Catarsi, un pedagogista al plurale 606 $aEducational surveys 615 0$aEducational surveys. 676 $a379.15 702 $aSharmahd$b Nima 702 $aSilva$b Clara Maria 702 $aFreschi$b Enrica 801 0$bNjHacI 801 1$bNjHacl 906 $aBOOK 912 $a9910571738203321 996 $aEnzo Catarsi, un pedagogista al plurale$92941527 997 $aUNINA LEADER 03917nam 2200613 450 001 9910137170503321 005 20200520144314.0 010 $a1-119-18000-7 010 $a1-119-18001-5 010 $a1-119-17999-8 035 $a(CKB)3710000000531427 035 $a(SSID)ssj0001592676 035 $a(PQKBManifestationID)16288573 035 $a(PQKBTitleCode)TC0001592676 035 $a(PQKBWorkID)14881442 035 $a(PQKB)10663981 035 $a(PQKBManifestationID)16294758 035 $a(PQKB)23642674 035 $a(Au-PeEL)EBL4444852 035 $a(CaPaEBR)ebr11308146 035 $a(CaONFJC)MIL879775 035 $a(CaSebORM)9781119016984 035 $a(MiAaPQ)EBC4444852 035 $a(OCoLC)911618031 035 $a(EXLCZ)993710000000531427 100 $a20161213h20162016 uy 0 101 0 $aeng 135 $aurcnu|||||||| 181 $ctxt 182 $cc 183 $acr 200 10$aBrink's modern internal auditing $ea common body of knowledge /$fRobert R. Moeller 205 $aEighth edition. 210 1$aHoboken, New Jersey :$cWiley,$d2016. 210 4$dİ2016 215 $a1 online resource (835 pages) 225 1 $aWiley Corporate F&A series 300 $aIncludes index. 311 $a1-119-01698-3 320 $aIncludes bibliographical references and index. 330 $aThe complete guide to internal auditing for the modern world Brink's Modern Internal Auditing: A Common Body of Knowledge, Eighth Edition covers the fundamental information that you need to make your role as internal auditor effective, efficient, and accurate. Originally written by one of the founders of internal auditing, Vic Brink and now fully updated and revised by internal controls and IT specialist, Robert Moeller, this new edition reflects the latest industry changes and legal revisions.  This comprehensive resource has long been?and will continue to be?a critical reference for both new and seasoned internal auditors alike. Through the information provided in this inclusive text, you explore how to maximize your impact on your company by creating higher standards of professional conduct and greater protection against inefficiency, misconduct, illegal activity, and fraud. A key feature of this book is a detailed description of an internal audit Common Body of Knowledge (CBOK), key governance; risk and compliance topics that all internal auditors need to know and understand.  There are informative discussions on how to plan and perform internal audits including the information technology (IT) security and control issues that impact all enterprises today.  Modern internal auditing is presented as a standard-setting branch of business that elevates professional conduct and protects entities against fraud, misconduct, illegal activity, inefficiency, and other issues that could detract from success. Contribute to your company's productivity and responsible resource allocation through targeted auditing practices Ensure that internal control procedures are in place, are working, and are leveraged as needed to support your company's performance Access fully-updated information regarding the latest changes in the internal audit industry Rely upon a trusted reference for insight into key topics regarding the internal audit field Brink's Modern Internal Auditing: A Common Body of Knowledge, Eighth Edition presents the comprehensive collection of information that internal auditors rely on to remain effective in their role. 410 0$aWiley corporate F & A. 606 $aAuditing, Internal 615 0$aAuditing, Internal. 676 $a657/.458 686 $aBUS003000$2bisacsh 700 $aMoeller$b Robert R.$0724549 801 0$bMiAaPQ 801 1$bMiAaPQ 801 2$bMiAaPQ 906 $aBOOK 912 $a9910137170503321 996 $aBrink's modern internal auditing$92000737 997 $aUNINA